Теоретические основы защиты окружающей среды: учебное пособие

Dades bibliogràfiques
Autor principal: Ветошкин А. Г. Александр Григорьевич
Sumari:Рассмотрены физико-химические основы зашиты атмосферного воздуха от аэрозолей, способы очистки выбросов от вредных газов и паров, рассеивание загрязненных газовых выбросов и разбавление жидкостных сбросов в гидросфере; описаны основные методы и способы очистки сточных вод, изложены методы защиты литосферы от промышленных и хозяйственно-бытовых отходов, приведены теоретические основы защиты окружающей среды от энергетических воздействий. Учебное пособие предназначено для студентов специальности «Инженерная защита окружающей среды» (квалификация — инженер-эколог) и квалификации бакалавр техники и технологии по направлению подготовки «Защита окружающей среды». Может быть использовано в качестве основной учебной литературы при изучении дисциплины «Теоретические основы защиты окружающей среды» и в качестве дополнительной учебной литературы при изучении дисциплины «Экология» студентами других инженерных специальностей.
Idioma:rus
Publicat: Москва, Высшая школа, 2008
Col·lecció:Для высших учебных заведений
Охрана окружающей среды
Matèries:
Format: MixedMaterials Llibre
KOHA link:https://koha.lib.tpu.ru/cgi-bin/koha/opac-detail.pl?biblionumber=116842

MARC

LEADER 00000nam0a2200000 4500
001 116842
005 20231031123402.0
010 |a 9785060057645 
035 |a (RuTPU)RU\TPU\book\126440 
090 |a 116842 
100 |a 20070528d2008 m y0rusy50 ca 
101 0 |a rus 
102 |a RU 
105 |a a j 001zy 
200 1 |a Теоретические основы защиты окружающей среды  |e учебное пособие  |f А. Г. Ветошкин 
210 |a Москва  |c Высшая школа  |d 2008 
215 |a 397 с.  |c ил. 
225 1 |a Для высших учебных заведений 
225 1 |a Охрана окружающей среды 
320 |a Литература: с. 393-394. 
330 |a Рассмотрены физико-химические основы зашиты атмосферного воздуха от аэрозолей, способы очистки выбросов от вредных газов и паров, рассеивание загрязненных газовых выбросов и разбавление жидкостных сбросов в гидросфере; описаны основные методы и способы очистки сточных вод, изложены методы защиты литосферы от промышленных и хозяйственно-бытовых отходов, приведены теоретические основы защиты окружающей среды от энергетических воздействий. Учебное пособие предназначено для студентов специальности «Инженерная защита окружающей среды» (квалификация — инженер-эколог) и квалификации бакалавр техники и технологии по направлению подготовки «Защита окружающей среды». Может быть использовано в качестве основной учебной литературы при изучении дисциплины «Теоретические основы защиты окружающей среды» и в качестве дополнительной учебной литературы при изучении дисциплины «Экология» студентами других инженерных специальностей. 
610 1 |a окружающая среда 
610 1 |a учебные пособия 
610 1 |a экология 
610 1 |a атмосфера 
610 1 |a гидросфера 
610 1 |a литосфера 
610 1 |a загрязнение 
610 1 |a энергетические загрязнения 
610 1 |a вредные вещества 
610 1 |a аэрозольные примеси 
610 1 |a сточные воды 
610 1 |a гидромеханические способы 
610 1 |a физико-химические способы 
610 1 |a биохимическая очистка 
610 1 |a твердые отходы 
610 1 |a утилизация 
610 1 |a акустические колебания 
610 1 |a механические колебания 
610 1 |a электромагнитное поле 
610 1 |a тепловые излучения 
610 1 |a оптические излучения 
610 1 |a ионизирующее излучение 
675 |a 502.3(075.8)  |v 3 
675 |a 504.06(075.8)  |v 3 
700 1 |a Ветошкин  |b А. Г.  |g Александр Григорьевич 
801 1 |a RU  |b 63413507  |c 20070528  |g PSBO 
801 2 |a RU  |b 63413507  |c 20201127  |g PSBO 
900 |a Защита окружающей среды 
900 |a Защита окружающей среды в чрезвычайной ситуации 
900 |a Охрана окружающей среды 
900 |a Теоретические основы защиты окружающей среды 
900 |a Методы и средства защиты окружающей среды от энергетических воздействий 
942 |c BK 
952 |b 280200  |b 280202 
959 |a 45/20070521  |d 3  |e 0  |f ЧЗТЛ:2  |f АНЛ:1 
959 |a 80/20080915  |d 5  |e 502,70  |f АНЛ:1  |f ЧЗТЛ:2  |f УФ:2 
959 |a 158/20121120  |d 20  |e 639,10  |f УФ:20